000 00464nam a22001457a 4500
082 _aT-175
100 _aSayyed Awais Ullah
_948193
245 _aEvaluation of project time and cost management in the construction industry of pakistan
_cSayyed Awais Ullah
260 _aRisalpur
_bSayyed Awais Ullah
_cc2014
300 _a49 p.:
526 _a0
_b0
_c0
_dT_175CEM_SAYYED_AWAIS_ULLAH
650 _aMCE
_9379
700 _aDr. Sarfraz Ahmed
_929043
942 _2ddc
_cBK
999 _c551207
_d551207